Universidad de Playa Ancha publica la edición crítica de "La miseria del hombre" de Gonzalo Rojas /

Gorde:
Xehetasun bibliografikoak
Egile nagusia: Morales Piña, Eddie
Formatua: Ezezaguna
Hizkuntza:Spanish
Gaiak:
Etiketak: Etiketa erantsi
Etiketarik gabe, Izan zaitez lehena erregistro honi etiketa jartzen!

MARC

LEADER 000000000a22000000004500
001 002500
041 0 |a spa 
100 1 |a Morales Piña, Eddie 
245 1 0 |a Universidad de Playa Ancha publica la edición crítica de "La miseria del hombre" de Gonzalo Rojas /   |c Eddie Morales Piña. 
310 |a trimestral 
500 |a Ventana Abierta sobre Iberoamérica 
650 4 |a CHILE 
650 4 |a POESIA CHILENA 
650 4 |a ROJAS, GONZALO, 1917- 
650 4 |a GENERACION DEL 38 
650 4 |a LA MISERIA DEL HOMBRE 
650 4 |a CODDOU, MARCELO 
650 4 |a PELLEGRINI, MARCELO 
650 4 |a UNIVERSIDAD DE PLAYA ANCHA 
773 0 |d España : CEXECI  |t Con Eñe: Revista de cultura hispanoamericana  |g número 1 (1997), páginas 65-66 
942 |c ARC 
999 |c 9916  |d 9916